[Event "Manikyanagar Chanchal Dad Memorial"]
[Site "Manikyanagar"]
[Date "2024.07.26"]
[Round "5"]
[White "Kartik, Khetwal"]
[Black "Manav, Kumar1"]
[Result "1/2-1/2"]
[WhiteElo "1604"]
[BlackElo "1770"]
[PlyCount "45"]
[EventDate "2024.07.24"]
[EventType "swiss"]
[EventRounds "9"]
[EventCountry "IND"]
[SourceTitle "EXT 2025"]
[Source "ChessBase"]
[SourceDate "2024.10.14"]
[SourceVersion "1"]
[SourceVersionDate "2024.10.14"]
[SourceQuality "1"]

1. e4 c5 2. Nf3 d6 3. d4 cxd4 4. Nxd4 Nf6 5. Nc3 a6 6. Be2 e5 7. Nb3 Be7 8. Be3 0-0 9. g4 Be6 10. g5 Ne8 11. h4 Nc7 12. Qd2 d5 13. exd5 Nxd5 14. Nxd5 Bxd5 15. Rg1 Nc6 16. 0-0-0 Be4 17. Qxd8 Rfxd8 18. Nc5 Bxc5 19. Bxc5 Rxd1+ 20. Rxd1 Rd8 21. Rxd8+ Nxd8 22. Kd2 h6 23. Bc4 1/2-1/2

[Event "Manikyanagar Chanchal Dad Memorial"]
[Site "Manikyanagar"]
[Date "2024.07.26"]
[Round "6"]
[White "Rishen, Jilowa"]
[Black "Kartik, Khetwal"]
[Result "1/2-1/2"]
[WhiteElo "1745"]
[BlackElo "1604"]
[PlyCount "52"]
[EventDate "2024.07.24"]
[EventType "swiss"]
[EventRounds "9"]
[EventCountry "IND"]
[SourceTitle "EXT 2025"]
[Source "ChessBase"]
[SourceDate "2024.10.14"]
[SourceVersion "1"]
[SourceVersionDate "2024.10.14"]
[SourceQuality "1"]

1. c4 f5 2. g3 e5 3. Bg2 Be7 4. b3 Nf6 5. Bb2 d6 6. e3 0-0 7. Ne2 c6 8. 0-0 Na6 9. d4 e4 10. a3 Nc7 11. Nbc3 d5 12. cxd5 Nfxd5 13. Nxd5 Nxd5 14. Nc3 Be6 15. Re1 Bd6 16. Bf1 Qe7 17. Nxd5 cxd5 18. Qd2 Rfc8 19. b4 a6 20. Rec1 Bd7 21. Rxc8+ Rxc8 22. Rc1 Qd8 23. Qd1 Rxc1 24. Bxc1 Qe8 25. Qb3 Be6 26. Bd2 b5 1/2-1/2